02109nam a2200277 i 450000100060000000300090000600500170001500700030003200800410003504000200007624503160009625001200041226000500053230000210058250000460060350506990064959300870134859600530143559700610148865000260154970000420157570000260161785200240164399900170166795201470168448757ES-MaACL20230906161820.0t|950728m18611872fr ||||1| fre d aCAM bspa cCAM00aDictionnaire de la conversation et de la lecture b: inventaire raisonné des notions générales les plus indispensables à tous ; [Supplément offrant le résumé des faits et des idées de notre temps. I-V.] / cpar une Société de Savants et de Gens de Lettres sous la direction de M. W. Duckett. a2e édition, entièrement refondue, corrigée et aumentée de plusieurs milliers d'articles tout d'actualité. aParis : bFirmin Didot Frères, c1861-1872. a21 v. ; c27 cm. aLos cinco últimos v. son el Suplemento.8 aContiene: T.1 : A-Arias.- 1861 --T. 2 : Ariège-Bequille.- 1861 - - T. 3 : Bérang..-Brun.. .- 1862 --T. 4 : Bruns.-Cent-J.. - 1861 -- T. 5 : Centl.-Coiffe. - 1861 --T. 6 : Coiff.-Ctésip.. - 1862 --T. 7 : Cuba-Douze-T.. - 1861 -- T. 8 : Dovall.-Espag.. - 1861 -- T. 9 : Espag.-Frêch.. - 1861 -- T.. 10 : Frère-Helys.. - 1861 -- T. 11 : Hemans.-Kossu.. - 1862 -- T. 12 : Kotze.-Maxim.. - 1861 -- T. 13 : Maxime-Orient. - 1861 -- T. 14 : Orient-Post.. - 1861 -- T. 15 : Postes-Saxons. - 1861 -- T. 16 : Saxophone-Z .- 1861 -- Supl. 1 : A-Canon .- 1864 -- Supl. 2 : Canonica-Coutances.- 1868 -- Supl. 3 : Coute..-France .- 1872 -- Supl. 4 : Francfort-Ning-Po -- Supl. 5 : Ninive-Syr. aEn el suplemento 5º aparece como director: P. Lousy y faltan últimas páginas. aSuplemento 4º y 5º sin año de publicación. aEn anteportada: Répertoire des connaissances usuelles. aEnciclopedias.9122351 aDuckett, William (d1805-1873)9458361 aLouisy, Paul.9153048 aES-MaACLjG-887-907 c48757d48757 001040708Colección_de_referencia aATENEOMbATENEOMcSPP3d2008-01-17eSCl0oG-887-907p1051310r2023-02-23 00:00:00w2023-02-23yMONANT